000 00580nam a2200205Ia 4500
003 OSt
005 20251222143653.0
008 220923b |||||||| |||| 00| 0 ben d
037 _cTB
040 _aARTS
_cARTS
_bben
041 _2ben
_aben
084 _aO15:gx7,1 157J0
_qAL
100 _aSengupta S. C.
_950479
245 0 _aDhvanyalok o eochana
260 _c1950
650 _aBENGALI LITERATURE
_9858636
700 _a Bhattacharya K. P.
_9209187
942 _hO15:9x7:1, 157J0
_cTB
_2CC
_n0
999 _c438474
_d438474